| 000 | 00521nam a22001937a 4500 | ||
|---|---|---|---|
| 003 | PILC | ||
| 005 | 20151020102935.0 | ||
| 008 | 130320t xxu||||| |||| 00| 0 eng d | ||
| 020 | _a8171815324 | ||
| 050 |
_aE 612 _b.G884 1998 |
||
| 082 |
_aE 612 _bW 559 |
||
| 245 | _aHow to avoid illnesses and accidents | ||
| 260 |
_aNew Delhi : _bLearner's Press Private Limited, _c1998. |
||
| 300 |
_a88 p. ; _c17 cm. |
||
| 651 |
_aHygiene _921478 |
||
| 651 |
_aAccident _xprevention _921479 |
||
| 942 |
_2lcc _cBK |
||
| 999 |
_c12021 _d12021 |
||